Nepriateľské prevzatia (hostile takeovers) - na príklade vybraných firiem diplomová práca

Salvato in:
Dettagli Bibliografici
Autore principale: Csenkeyová, Simona
Ente Autore: Obchodná fakulta EU. Katedra medzinárodného obchodu
Altri autori: Krajčík, Daniel, 1981-
Natura: Libro
Lingua:slovacco
Pubblicazione: Bratislava 2019
Tags: Aggiungi Tag
Nessun Tag, puoi essere il primo ad aggiungerne!!

MARC

LEADER 00000nbm a2200000 4500
001 0253902
005 20191004134632.7
041 0 |a slo 
044 |a SK 
245 1 0 |a Nepriateľské prevzatia (hostile takeovers) - na príklade vybraných firiem  |b diplomová práca  |c Simona Csenkeyová ; školiteľ: Daniel Krajčík 
264 1 |a Bratislava  |c 2019 
300 |a 78 s. 
100 1 |a Csenkeyová, Simona 
700 1 |a Krajčík, Daniel, 1981- 
710 2 |a Obchodná fakulta EU. Katedra medzinárodného obchodu